00302pab a2200121 454500008004000000100001900040245004300059260000900102300001300111362001000124650001200134773003400146180718b2009 xxu||||| |||| 00| 0 eng d aBasu, Moushumi aWho pays the price for uranium mining? c2009 ap.15-16. a5 Dec aUranium aEconomic and Political Weekly